死了一個娛樂女記者之後
| 資料類型: | 圖書 | 書目號: | 52895 |
Leader xxxxxxxxxx 001 __ 102576/0/01 005 __ 20190417142300.245 010 0_ |a978-986-96950-6-0|b平裝|d新臺幣340元 042 __ |anbim 100 __ |a20190417d2019 k y0chiy50 e 101 0_ |achi 102 __ |atw 105 __ |ay z 000ay 200 1_ |a死了一個娛樂女記者之後|f柯映安著 205 __ |a初版 210 __ |a臺北市|c鏡文學|d2019[民108] 215 0_ |a326面|d21公分 225 12 |a鏡小說|v12 700 _1 |a柯|b映安|4著 681 __ |a857.7|b8583 801 _0 |atw|bLibDipper|c20190417|gCCR |